<?xml version="1.0" encoding="UTF-8"?>
<record
    xmlns:xsi="http://www.w3.org/2001/XMLSchema-instance"
    xsi:schemaLocation="http://www.loc.gov/MARC21/slim http://www.loc.gov/standards/marcxml/schema/MARC21slim.xsd"
    xmlns="http://www.loc.gov/MARC21/slim">

  <leader>01970nam a2200349Ia 4500</leader>
  <datafield tag="999" ind1=" " ind2=" ">
    <subfield code="c">55616</subfield>
    <subfield code="d">55616</subfield>
  </datafield>
  <controlfield tag="001">22711</controlfield>
  <controlfield tag="003">GE_BSU</controlfield>
  <controlfield tag="005">20230425124223.0</controlfield>
  <controlfield tag="008">181216s    ||||ge |||||||||||||| ||geo||</controlfield>
  <datafield tag="020" ind1=" " ind2=" ">
    <subfield code="a">9789941046056</subfield>
  </datafield>
  <datafield tag="040" ind1=" " ind2=" ">
    <subfield code="c">GE_BSU</subfield>
  </datafield>
  <datafield tag="041" ind1=" " ind2=" ">
    <subfield code="a">geo</subfield>
  </datafield>
  <datafield tag="080" ind1=" " ind2=" ">
    <subfield code="a">616.89(075.8) &#x10D2;-30</subfield>
  </datafield>
  <datafield tag="100" ind1=" " ind2=" ">
    <subfield code="a">&#x10D2;&#x10D4;&#x10DA;&#x10D3;&#x10D4;&#x10E0;&#x10D8;, &#x10DB;&#x10D0;&#x10D8;&#x10D9;&#x10DA;</subfield>
    <subfield code="9">17780</subfield>
  </datafield>
  <datafield tag="245" ind1=" " ind2=" ">
    <subfield code="a">&#x10DD;&#x10E5;&#x10E1;&#x10E4;&#x10DD;&#x10E0;&#x10D3;&#x10D8;&#x10E1; &#x10DB;&#x10DD;&#x10D9;&#x10DA;&#x10D4; &#x10E1;&#x10D0;&#x10EE;&#x10D4;&#x10DA;&#x10DB;&#x10EB;&#x10E6;&#x10D5;&#x10D0;&#x10DC;&#x10D4;&#x10DA;&#x10DD; &#x10E4;&#x10E1;&#x10D8;&#x10E5;&#x10D8;&#x10D0;&#x10E2;&#x10E0;&#x10D8;&#x10D0;&#x10E8;&#x10D8; /</subfield>
    <subfield code="c">&#x10DB;&#x10D0;&#x10D8;&#x10D9;&#x10DA; &#x10D2;&#x10D4;&#x10DA;&#x10D3;&#x10D4;&#x10E0;&#x10D8;, &#x10DE;&#x10DD;&#x10DA; &#x10F0;&#x10D0;&#x10E0;&#x10D8;&#x10E1;&#x10DD;&#x10DC;&#x10D8;, &#x10E4;&#x10D8;&#x10DA;&#x10D8;&#x10DE; &#x10E5;&#x10DD;&#x10E3;&#x10D4;&#x10DC;&#x10D8; ; &#x10DB;&#x10D7;&#x10D0;&#x10E0;&#x10D2;&#x10DB;&#x10DC;.: &#x10D7;&#x10D8;&#x10DC;&#x10D0; &#x10E9;&#x10EE;&#x10D4;&#x10D8;&#x10EB;&#x10D4;, &#x10D4;&#x10D9;&#x10D0; &#x10ED;&#x10E7;&#x10DD;&#x10DC;&#x10D8;&#x10D0; ; &#x10E1;&#x10D0;&#x10DB;&#x10D4;&#x10EA;&#x10DC;. &#x10E0;&#x10D4;&#x10D3;. : &#x10D4;&#x10D9;&#x10D0; &#x10ED;&#x10E7;&#x10DD;&#x10DC;&#x10D8;&#x10D0;, &#x10DC;&#x10D8;&#x10DC;&#x10DD; &#x10DB;&#x10D0;&#x10EE;&#x10D0;&#x10E8;&#x10D5;&#x10D8;&#x10DA;&#x10D8;.</subfield>
  </datafield>
  <datafield tag="250" ind1=" " ind2=" ">
    <subfield code="a">&#x10DB;&#x10D4;-5 &#x10D2;&#x10D0;&#x10DB;&#x10DD;&#x10EA;&#x10D4;&#x10DB;&#x10D0;</subfield>
  </datafield>
  <datafield tag="264" ind1=" " ind2=" ">
    <subfield code="a">&#x10D7;&#x10D1;&#x10D8;&#x10DA;&#x10D8;&#x10E1;&#x10D8; :</subfield>
    <subfield code="b">&#x10E4;&#x10DD;&#x10DC;&#x10D3;&#x10D8; "&#x10D2;&#x10DA;&#x10DD;&#x10D1;&#x10D0;&#x10DA;&#x10E3;&#x10E0;&#x10D8; &#x10D8;&#x10DC;&#x10D8;&#x10EA;&#x10D8;&#x10D0;&#x10E2;&#x10D8;&#x10D5;&#x10D0; &#x10E4;&#x10E1;&#x10D8;&#x10E5;&#x10D8;&#x10D0;&#x10E2;&#x10E0;&#x10D8;&#x10D0;&#x10E8;&#x10D8;",</subfield>
    <subfield code="c">2012.</subfield>
  </datafield>
  <datafield tag="300" ind1=" " ind2=" ">
    <subfield code="a">870 &#x10D2;&#x10D5;. :</subfield>
    <subfield code="b">&#x10EA;&#x10EE;&#x10E0;. ;</subfield>
    <subfield code="c">29 &#x10E1;&#x10DB;.</subfield>
  </datafield>
  <datafield tag="501" ind1=" " ind2=" ">
    <subfield code="a">&#x10E1;&#x10D0;&#x10EB;&#x10D8;&#x10D4;&#x10D1;&#x10D4;&#x10DA;&#x10D8; : &#x10D2;&#x10D5;. 841-870</subfield>
  </datafield>
  <datafield tag="504" ind1=" " ind2=" ">
    <subfield code="a">&#x10D1;&#x10D8;&#x10D1;&#x10DA;&#x10D8;&#x10DD;&#x10D2;&#x10E0;. : &#x10D2;&#x10D5;. 804-840</subfield>
  </datafield>
  <datafield tag="541" ind1=" " ind2=" ">
    <subfield code="h">30&#x10DA;.</subfield>
  </datafield>
  <datafield tag="653" ind1=" " ind2=" ">
    <subfield code="a">&#x10DB;&#x10D4;&#x10D3;&#x10D8;&#x10EA;&#x10D8;&#x10DC;&#x10D0;</subfield>
  </datafield>
  <datafield tag="653" ind1=" " ind2=" ">
    <subfield code="a">&#x10DD;&#x10E5;&#x10E1;&#x10E4;&#x10DD;&#x10E0;&#x10D3;&#x10D8;&#x10E1; &#x10DB;&#x10DD;&#x10D9;&#x10DA;&#x10D4; &#x10E1;&#x10D0;&#x10EE;&#x10D4;&#x10DA;&#x10DB;&#x10EB;&#x10E6;&#x10D5;&#x10D0;&#x10DC;&#x10D4;&#x10DA;&#x10DD; &#x10E4;&#x10E1;&#x10D8;&#x10E5;&#x10D8;&#x10D0;&#x10E2;&#x10E0;&#x10D8;&#x10D0;&#x10E8;&#x10D8;</subfield>
  </datafield>
  <datafield tag="653" ind1=" " ind2=" ">
    <subfield code="a">&#x10E4;&#x10E1;&#x10D8;&#x10E5;&#x10D8;&#x10D0;&#x10E2;&#x10E0;&#x10D8;&#x10D0;</subfield>
  </datafield>
  <datafield tag="700" ind1=" " ind2=" ">
    <subfield code="a">&#x10F0;&#x10D0;&#x10E0;&#x10D8;&#x10E1;&#x10DD;&#x10DC;&#x10D8;, &#x10DE;&#x10DD;&#x10DA;</subfield>
    <subfield code="e">&#x10D0;&#x10D5;&#x10E2;&#x10DD;&#x10E0;&#x10D8;</subfield>
    <subfield code="9">17781</subfield>
  </datafield>
  <datafield tag="700" ind1=" " ind2=" ">
    <subfield code="a">&#x10E5;&#x10DD;&#x10E3;&#x10D4;&#x10DC;&#x10D8;, &#x10E4;&#x10D8;&#x10DA;&#x10D8;&#x10DE;</subfield>
    <subfield code="e">&#x10D0;&#x10D5;&#x10E2;&#x10DD;&#x10E0;&#x10D8;</subfield>
    <subfield code="9">17782</subfield>
  </datafield>
  <datafield tag="700" ind1=" " ind2=" ">
    <subfield code="a"> &#x10E9;&#x10EE;&#x10D4;&#x10D8;&#x10EB;&#x10D4;, &#x10D7;&#x10D8;&#x10DC;&#x10D0; </subfield>
    <subfield code="e">&#x10DB;&#x10D7;&#x10D0;&#x10E0;&#x10D2;&#x10DB;&#x10DC;&#x10D4;&#x10DA;&#x10D8;</subfield>
    <subfield code="9">17783</subfield>
  </datafield>
  <datafield tag="700" ind1=" " ind2=" ">
    <subfield code="a">&#x10ED;&#x10E7;&#x10DD;&#x10DC;&#x10D8;&#x10D0;, &#x10D4;&#x10D9;&#x10D0;</subfield>
    <subfield code="e">&#x10DB;&#x10D7;&#x10D0;&#x10E0;&#x10D2;&#x10DB;&#x10DC;&#x10D4;&#x10DA;&#x10D8;</subfield>
    <subfield code="9">17784</subfield>
  </datafield>
  <datafield tag="700" ind1=" " ind2=" ">
    <subfield code="a">&#x10ED;&#x10E7;&#x10DD;&#x10DC;&#x10D8;&#x10D0;, &#x10D4;&#x10D9;&#x10D0;</subfield>
    <subfield code="e">&#x10E0;&#x10D4;&#x10D3;&#x10D0;&#x10E5;&#x10E2;&#x10DD;&#x10E0;&#x10D8;</subfield>
    <subfield code="9">17784</subfield>
  </datafield>
  <datafield tag="700" ind1=" " ind2=" ">
    <subfield code="a">&#x10DB;&#x10D0;&#x10EE;&#x10D0;&#x10E8;&#x10D5;&#x10D8;&#x10DA;&#x10D8;, &#x10DC;&#x10D8;&#x10DC;&#x10DD; </subfield>
    <subfield code="e">&#x10E0;&#x10D4;&#x10D3;&#x10D0;&#x10E5;&#x10E2;&#x10DD;&#x10E0;&#x10D8;</subfield>
    <subfield code="9">17131</subfield>
  </datafield>
  <datafield tag="942" ind1=" " ind2=" ">
    <subfield code="c">BK</subfield>
    <subfield code="2">udc</subfield>
  </datafield>
  <datafield tag="952" ind1=" " ind2=" ">
    <subfield code="0">0</subfield>
    <subfield code="1">0</subfield>
    <subfield code="2">udc</subfield>
    <subfield code="4">0</subfield>
    <subfield code="6">616890758_&#x10D2;30</subfield>
    <subfield code="7">0</subfield>
    <subfield code="9">81031</subfield>
    <subfield code="a">CPL</subfield>
    <subfield code="b">CPL</subfield>
    <subfield code="c">GEN</subfield>
    <subfield code="d">2018-12-17</subfield>
    <subfield code="g">30.00</subfield>
    <subfield code="o">616.89(075.8) &#x10D2;-30</subfield>
    <subfield code="p">58138</subfield>
    <subfield code="r">2018-12-17</subfield>
    <subfield code="t">58138</subfield>
    <subfield code="w">2018-12-17</subfield>
    <subfield code="y">BK</subfield>
    <subfield code="z">30.00 &#x20BE;.</subfield>
  </datafield>
  <datafield tag="952" ind1=" " ind2=" ">
    <subfield code="0">0</subfield>
    <subfield code="1">0</subfield>
    <subfield code="2">udc</subfield>
    <subfield code="4">0</subfield>
    <subfield code="6">616890758_&#x10D2;30</subfield>
    <subfield code="7">0</subfield>
    <subfield code="9">81032</subfield>
    <subfield code="a">CPL</subfield>
    <subfield code="b">CPL</subfield>
    <subfield code="c">GEN</subfield>
    <subfield code="d">2018-12-17</subfield>
    <subfield code="g">30.00</subfield>
    <subfield code="o">616.89(075.8) &#x10D2;-30</subfield>
    <subfield code="p">58139</subfield>
    <subfield code="r">2018-12-17</subfield>
    <subfield code="t">58139</subfield>
    <subfield code="w">2018-12-17</subfield>
    <subfield code="y">BK</subfield>
    <subfield code="z">30.00 &#x20BE;.</subfield>
  </datafield>
  <datafield tag="952" ind1=" " ind2=" ">
    <subfield code="0">0</subfield>
    <subfield code="1">0</subfield>
    <subfield code="2">udc</subfield>
    <subfield code="4">0</subfield>
    <subfield code="6">616890758_&#x10D2;30</subfield>
    <subfield code="7">0</subfield>
    <subfield code="9">81033</subfield>
    <subfield code="a">CPL</subfield>
    <subfield code="b">CPL</subfield>
    <subfield code="c">GEN</subfield>
    <subfield code="d">2018-12-17</subfield>
    <subfield code="g">30.00</subfield>
    <subfield code="o">616.89(075.8) &#x10D2;-30</subfield>
    <subfield code="p">58140</subfield>
    <subfield code="r">2018-12-17</subfield>
    <subfield code="t">58140</subfield>
    <subfield code="w">2018-12-17</subfield>
    <subfield code="y">BK</subfield>
    <subfield code="z">30.00 &#x20BE;.</subfield>
  </datafield>
  <datafield tag="952" ind1=" " ind2=" ">
    <subfield code="0">0</subfield>
    <subfield code="1">0</subfield>
    <subfield code="2">udc</subfield>
    <subfield code="4">0</subfield>
    <subfield code="6">616890758_&#x10D2;30</subfield>
    <subfield code="7">0</subfield>
    <subfield code="9">81034</subfield>
    <subfield code="a">CPL</subfield>
    <subfield code="b">CPL</subfield>
    <subfield code="c">GEN</subfield>
    <subfield code="d">2018-12-17</subfield>
    <subfield code="g">30.00</subfield>
    <subfield code="o">616.89(075.8) &#x10D2;-30</subfield>
    <subfield code="p">58141</subfield>
    <subfield code="r">2018-12-17</subfield>
    <subfield code="t">58141</subfield>
    <subfield code="w">2018-12-17</subfield>
    <subfield code="y">BK</subfield>
    <subfield code="z">30.00 &#x20BE;.</subfield>
  </datafield>
  <datafield tag="952" ind1=" " ind2=" ">
    <subfield code="0">0</subfield>
    <subfield code="1">0</subfield>
    <subfield code="2">udc</subfield>
    <subfield code="4">0</subfield>
    <subfield code="6">616890758_&#x10D2;30</subfield>
    <subfield code="7">0</subfield>
    <subfield code="9">81035</subfield>
    <subfield code="a">CPL</subfield>
    <subfield code="b">CPL</subfield>
    <subfield code="c">GEN</subfield>
    <subfield code="d">2018-12-17</subfield>
    <subfield code="g">30.00</subfield>
    <subfield code="o">616.89(075.8) &#x10D2;-30</subfield>
    <subfield code="p">58142</subfield>
    <subfield code="r">2018-12-17</subfield>
    <subfield code="t">58142</subfield>
    <subfield code="w">2018-12-17</subfield>
    <subfield code="y">BK</subfield>
    <subfield code="z">30.00 &#x20BE;.</subfield>
  </datafield>
</record>
